Flags of Countries that Appears on the Flag of Kenya - Statistics

General Stats
  • This quiz has been taken 63 times
    12 since last reset
  • The average score is 5 of 6
Answers on the Map
Answers color-coded by a green-red scale on the quiz's map according to % correct below.
 
Answer Stats
Answer % Correct
Hungary
100%
Poland
100%
Indonesia
90%
Monaco
90%
Rotated by 180° {Italy}
90%
Yemen
70%
No matching quizzes found
Score Distribution
Percent of People with Each Score
Percentile by Number Answered
Your Score History
You have not taken this quiz since the last reset